Llibre de privilegis de la vila i el terme de Terrassa : (1228-1652) / edició a cura de Teresa Cardellach i Giménez ... [et al.] (1228-1652) / edició a cura de Teresa Cardellach i Giménez ... [et al.]
ISBN:
84-9779-361-7
Descripción Física:
322 p. ; 24 cm
Colección:
Llibres de Privilegis ; 10
Otros Autores:
Cardellach i Giménez, Teresa, ed
MARC
| LEADER | 00000nam a2200000Ia 4500 | ||
|---|---|---|---|
| 001 | 18165 | ||
| 008 | 160829s2006 xx 000 0 cat d | ||
| 020 | |a 84-9779-361-7 | ||
| 080 | |a H-1-48 | ||
| 245 | |a Llibre de privilegis de la vila i el terme de Terrassa : |b (1228-1652) / edició a cura de Teresa Cardellach i Giménez ... [et al.] | ||
| 260 | |a Barcelona : |b Fundació Noguera, |c 2006 | ||
| 300 | |a 322 p. ; |c 24 cm | ||
| 490 | |a Llibres de Privilegis ; 10 | ||
| 590 | |a Bibliografia. | ||
| 590 | |a Text en català i llatí | ||
| 650 | |a Terrassa |x Cartes, privilegis, immunitats |9 26559 | ||
| 650 | |a Terrassa |x Història |x Fonts |9 26560 | ||
| 700 | |a Cardellach i Giménez, Teresa, ed. |9 26561 | ||
| 901 | |a Arxiu | ||
| 942 | |n 1 | ||
| 952 | |0 0 |1 0 |4 0 |6 H148 |7 1 |9 44058 |a Arxiu |b Arxiu |d 2016-12-01 |l 0 |o H-1-48 |p 18165 |r 2016-12-01 00:00:00 |w 2016-12-01 |y ARXIU | ||
| 999 | |c 46638 |d 46638 | ||